| 000 | 00627nam a22002057a 4500 | ||
|---|---|---|---|
| 003 | 0 | ||
| 005 | 20230908084848.0 | ||
| 008 | 230908b xxu||||| |||| 00| 0 eng d | ||
| 020 | _a978-0-357-62502-6 | ||
| 050 |
_aRJ 131 _b.M37 2023 |
||
| 100 | _aMarotz, Lynn | ||
| 245 |
_aDevelopmental profiles : pre-birth through adolescence _cLynn Marotz |
||
| 250 | _aNinth edition | ||
| 260 |
_aBoston, MA _bCengage _cc2023. |
||
| 300 |
_axvi, 313 pages : _bcol. ill. ; _c28 cm. |
||
| 500 | _aChild development. | ||
| 504 | _aIncludes bibliographical references and index. | ||
| 650 | _aChild development. | ||
| 942 |
_2lcc _cBK |
||
| 999 |
_c365267 _d365267 |
||